| 000 | 00822cam a22002655a 4500 | ||
|---|---|---|---|
| 001 | 98011901 | ||
| 003 | OSt | ||
| 005 | 20180312112117.0 | ||
| 008 | 980127t1999 njua frb 001 0 eng d | ||
| 020 | _a0136597076 | ||
| 020 | _a9780136597070 | ||
| 040 |
_aDLC _cDLC _dDLC _dEG-ScBUE _beng |
||
| 082 | 0 | 4 |
_222 _a005.758 _bOZS |
| 100 | 1 |
_aÖzsu, M. Tamer, _d1951- |
|
| 245 | 1 | 0 |
_aPrinciples of distributed database systems / _cM. Tamer Özsu, Patrick Valduriez. |
| 250 | _a2nd ed. | ||
| 260 |
_aUpper Saddle River : _bPrentice Hall, _cc.1999. |
||
| 300 |
_axxi, 666 p. : _bill. ; _c25 cm. |
||
| 504 | _aIncludes bibliographical references and index. | ||
| 650 | 7 |
_aDistributed databases. _2BUEsh _918325 |
|
| 651 | _2BUEsh | ||
| 653 |
_bGGEN _bCOMSCI _cMarch2018 |
||
| 700 | 1 |
_aValduriez, Patrick. _918326 |
|
| 942 | _2ddc | ||
| 999 |
_c26281 _d26253 |
||